Ballon d'or par pays - Statistiques

Statistiques générales
  • Ce quiz a été pris 706 fois
    679 depuis la dernière actualisation
  • Le résultat moyen est 15 sur 19
Statistiques - réponses
Nombre de BO Pays % Correct
7 PortugalC.Ronaldo (5), Eusebio (1), Figo (1)
100%
8 ArgentineMessi (8)
99%
8 FrancePlatini (3), Kopa (1), Papin (1), Zidane (1), Benzema (1), Dembélé (1)
99%
5 Brésil Ronaldo (2), Rivaldo (1), Ronaldinho (1), Kaka (1)
98%
7 AllemagneBeckenbauer (2), Rummenigge (2), Müller (1), Matthaüs (1), Sammer (1)
95%
5 ItalieSivori (1), Rivera (1), Rossi (1), Baggio (1), Cannavaro (1)
95%
4 EspagneDi Stéfano (2), Suarez (1), Rodri (1)
94%
5 AngleterreKeegan (2), Matthews (1), Charlton (1), Owen (1)
93%
7 Pays-BasCruyff (3), Van Basten (3), Gullit (1)
89%
3 URSSYachine (1), Blokhine (1), Belanov (1)
86%
1 CroatieModric (1)
78%
1 UkraineShevchenko (1)
70%
1 HongrieAlbert (1)
65%
1 Irlande du NordBest (1)
62%
2 République TchèqueMasopust (1), Nedved (1)
60%
1 LibériaWeah (1)
58%
1 DanemarkSimonsen (1)
53%
1 BulgarieStoichkov (1)
52%
1 EcosseLaw (1)
51%
Aucun quiz correspondant
Distribution des résultats
% des personnes avec chaque résultat
Percentile par nombre de réponses
Votre historique - résultats
Vous n’avez pas pris ce quiz depuis la dernière actualisation